000 00630nam a2200193Ia 4500
003 LDD
008 190117s9999 xx 000 0 und d
020 _a9789383725205
_c₹350
040 _cLDD
041 _ahi
082 _a8H3.6 प्रे59222ई
100 _aप्रेमचन्द
245 0 _aईदगाह तथा अन्य कहानियाँ
_cप्रेमचन्द
260 _aदिल्ली
_bकल्पना
_c2016
300 _a240p.
901 _aKKP
904 _aReqst by : Jitendra Shrivastava
942 _2ddc
_cH
999 _c164249
_d164249